Units - Mass or Volume? - Statistics

General Stats
  • This quiz has been taken 29 times
  • The average score is 16 of 20
Answer Stats
Question Answer % Correct
Pound Mass
100%
Tonne Mass
100%
Milligram Mass
100%
Grain Mass
100%
Talent Mass
100%
Gallon Volume
100%
Teaspoon Volume
100%
Barrel Volume
100%
Pint Volume
100%
Cup Volume
100%
Schooner Volume
100%
Quart Volume
100%
Slug Mass
75%
Dalton Mass
75%
Zentner Mass
75%
M Mass
75%
Minim Volume
25%
Bushel Volume
25%
Bag Mass
0%
Cord Volume
0%
No matching quizzes found
Score Distribution
Percent of People with Each Score
Percentile by Number Answered
Your Score History
You have not taken this quiz